[Event "Al Ain Classic 2012"]
[Site "Al-Ain UAE"]
[Date "2012.12.28"]
[Round "9.9"]
[White "Darini, Pouria"]
[Black "Karthikeyan, Murali"]
[Result "1/2-1/2"]
[WhiteTitle "IM"]
[WhiteElo "2522"]
[BlackElo "2315"]
[WhiteFideId "12502200"]
[BlackFideId "5074452"]
[EventDate "2012.12.22"]

1. e4 c5 2. Nf3 e6 3. d4 cxd4 4. Nxd4 a6 5. Be2 Nf6 6. Nc3 Qc7 7. O-O Be7 8. Be3
d6 9. a4 b6 10. f4 Bb7 11. Bf3 Nbd7 12. Qe2 Rc8 13. Rad1 Qb8 14. Bf2 O-O 15. e5
dxe5 16. Bxb7 Qxb7 17. fxe5 Ne8 18. Bg3 Bb4 19. Ne4 Nc5 20. Rf4 Nxe4 21. Rxe4
Bc5 22. c3 b5 23. axb5 axb5 24. Kh1 Rd8 25. Bh4 Rd5 26. Rf1 b4 27. Nf3 bxc3 28.
bxc3 Be7 29. c4 Rd8 30. Qc2 Qd7 31. Rd4 Qc7 32. Rxd8 Qxd8 33. Rd1 Qc7 34. Bf2
Qc8 35. Qa4 Bc5 36. Bxc5 Qxc5 37. Qb5 Qc8 38. Ng5 h6 39. Ne4 Nc7 40. Qb6 Na8 41.
Qd4 Qc6 42. h3 Nb6 43. Nd6 Nd7 44. Ne4 Nb6 45. Rc1 Ra8 46. Rc3 Nd7 47. Rg3 Nf8
48. h4 Ng6 49. Nd6 Qa6 50. Kh2 Qa1 51. Qxa1 Rxa1 52. Re3 Nxh4 53. Rc3 Ng6 54. c5
Nxe5 55. c6 Nxc6 56. Rxc6 g5 57. Rc7 Rf1 58. g3 h5 59. Kg2 Rf6 60. Rc5 Rg6 61.
Rc8+ Kg7 62. Rc7 g4 63. Rxf7+ Kh6 64. Ne4 Rg7 65. Rf6+ Rg6 66. Rf8 Kg7 67. Re8
Rh6 68. Re7+ Kf8 69. Rc7 h4 70. gxh4 Rxh4 71. Kg3 Rh1 72. Kf4 Ke8 73. Rg7 Rf1+
74. Ke5 Re1 75. Rxg4 Kf7 76. Rf4+ Ke7 77. Rh4 Rf1 78. Nd6 Re1+ 79. Ne4 Rf1 80.
Rh6 Rf5+ 81. Kd4 Rf4 82. Rh7+ Rf7 83. Rh8 Rf8 84. Rh7+ Rf7 85. Rh2 Rf5 86. Ke3
Rf8 87. Ra2 Rd8 88. Nc5 Rd1 89. Ra7+ Ke8 90. Ke4 Re1+ 91. Kd4 Re2 92. Ne4 Re1
93. Ke5 Re2 94. Ra6 Kf7 95. Rxe6 Rxe4+ 1/2-1/2

[Event "Al Ain Classic 2012"]
[Site "Al-Ain UAE"]
[Date "2012.12.28"]
[Round "9.10"]
[White "Can, Emre"]
[Black "Ji, Dan"]
[Result "1-0"]
[WhiteTitle "GM"]
[WhiteElo "2448"]
[BlackElo "2341"]
[WhiteFideId "6302181"]
[BlackFideId "8601887"]
[EventDate "2012.12.22"]

1. Nf3 d5 2. d4 Nf6 3. c4 e6 4. Nc3 Be7 5. Bg5 h6 6. Bh4 O-O 7. e3 Ne4 8. Bxe7
Qxe7 9. Rc1 Nxc3 10. Rxc3 c6 11. Bd3 dxc4 12. Bxc4 b6 13. Bd3 Bb7 14. O-O Nd7
15. Be4 Rac8 16. Qc2 Nb8 17. Ne5 c5 18. Bxb7 Qxb7 19. Rc1 Na6 20. Nd3 Rb8 21.
dxc5 bxc5 22. Qa4 Rfd8 23. h3 Qb5 24. Qxb5 Rxb5 25. Ra3 Rb6 26. Ne5 f6 27. Nc4
Rc6 28. Kf1 Rd7 29. Ke2 Nb4 30. Ra5 Nd5 31. b3 Kf7 32. Nd2 Rdc7 33. Ne4 c4 34.
Rxc4 Rxc4 35. Nd6+ Ke7 36. Nxc4 Nb6 37. Kd3 Nd5 38. a3 Rb7 39. b4 Rd7 40. Kc2 f5
41. Ra6 Rc7 42. Kb3 Kf6 43. a4 g5 44. b5 h5 45. a5 h4 46. b6 axb6 47. axb6 Rc5
48. Na3 Rc6 49. b7 1-0

[Event "Al Ain Classic 2012"]
[Site "Al-Ain UAE"]
[Date "2012.12.28"]
[Round "9.11"]
[White "Ali Marandi, Cemil Can"]
[Black "Bajarani, Ulvi"]
[Result "0-1"]
[WhiteTitle "FM"]
[BlackTitle "IM"]
[WhiteElo "2354"]
[BlackElo "2425"]
[WhiteFideId "6300529"]
[BlackFideId "13403028"]
[EventDate "2012.12.22"]

1. e4 e6 2. d4 d5 3. Nd2 Be7 4. Bd3 c5 5. dxc5 Nf6 6. Qe2 O-O 7. Ngf3 a5 8. O-O
Na6 9. e5 Nd7 10. c4 Naxc5 11. Bc2 f6 12. cxd5 exd5 13. Nb3 b6 14. Rd1 a4 15.
Nbd4 fxe5 16. Nc6 Qe8 17. Ncxe5 Bf6 18. Re1 Nxe5 19. Nxe5 Ba6 20. Qd1 Qd8 21.
Bf4 d4 22. Nd3 Bxd3 23. Bxd3 Nxd3 24. Qxd3 Qd5 25. a3 Rac8 26. Rac1 Qb3 27. Rcd1
Qxd3 28. Rxd3 Rc2 29. b3 Bh4 30. g3 Rxf4 31. gxf4 Bxf2+ 32. Kf1 Bxe1 33. Kxe1
axb3 34. Rxb3 Rxh2 35. Rxb6 Rh4 36. f5 Rf4 37. f6 gxf6 38. a4 Kg7 39. a5 Rf5 40.
a6 Ra5 41. Rd6 Ra4 42. Kf2 Kg6 43. a7 Rxa7 44. Rxd4 Ra5 45. Rd8 Kg5 46. Kg3 Ra3+
47. Kg2 f5 48. Rd4 h5 49. Rb4 Re3 50. Rb8 Kf4 51. Rh8 Re2+ 52. Kf1 Rh2 53. Kg1
Rh3 54. Kg2 Rg3+ 55. Kh2 Rg5 56. Ra8 Kg4 57. Kg2 Rg7 58. Rf8 h4 59. Rh8 Re7 60.
Rg8+ Kf4 61. Rh8 Re2+ 62. Kh3 Re3+ 63. Kg2 Re2+ 64. Kh3 Kf3 65. Rxh4 f4 66. Rh8
Re7 67. Kh4 Kf2 68. Kg4 f3 69. Rf8 Kg2 0-1

[Event "Al Ain Classic 2012"]
[Site "Al-Ain UAE"]
[Date "2012.12.28"]
[Round "9.12"]
[White "Elgabry, Mohsen"]
[Black "Kravtsiv, Martyn"]
[Result "0-1"]
[WhiteTitle "IM"]
[BlackTitle "GM"]
[WhiteElo "2365"]
[BlackElo "2593"]
[WhiteFideId "10600531"]
[BlackFideId "14113147"]
[EventDate "2012.12.22"]

1. Nf3 Nf6 2. g3 e6 3. Bg2 d5 4. O-O Be7 5. d4 O-O 6. c4 dxc4 7. Ne5 Nc6 8. Nxc6
bxc6 9. Bxc6 Rb8 10. Nc3 Bb7 11. Bxb7 Rxb7 12. e4 c5 13. dxc5 Qxd1 14. Rxd1 Bxc5
15. Kg2 e5 16. Rd2 Bd4 17. Rc2 Rfb8 18. Kf3 Ne8 19. Nd1 Nd6 20. Rb1 h6 21. Ne3
Rb4 22. Nd5 R4b7 23. h4 a5 24. Ne3 c3 25. b3 a4 26. Nf5 Nc4 27. Ke2 axb3 28.
Rxb3 Rxb3 29. axb3 Rxb3 30. f4 h5 31. Ne7+ Kh7 32. Nd5 f6 33. fxe5 fxe5 34. Kd3
Nb2+ 35. Ke2 Na4 36. Kd1 Nc5 37. Re2 Rb1 38. Kc2 Ra1 39. Re1 Ra2+ 40. Kb1 Rg2
41. Ne3 Rxg3 42. Re2 Nd3 43. Rg2 c2+ 0-1

[Event "Al Ain Classic 2012"]
[Site "Al-Ain UAE"]
[Date "2012.12.28"]
[Round "9.13"]
[White "Esen, Baris"]
[Black "Sanal, Vahap"]
[Result "1/2-1/2"]
[WhiteTitle "GM"]
[BlackTitle "FM"]
[WhiteElo "2576"]
[BlackElo "2382"]
[WhiteFideId "6302114"]
[BlackFideId "6300545"]
[EventDate "2012.12.22"]

1. d4 Nf6 2. Nf3 e6 3. c4 b6 4. a3 Bb7 5. Nc3 d5 6. cxd5 Nxd5 7. Bd2 Be7 8. Qc2
O-O 9. e4 Nxc3 10. Bxc3 c5 11. dxc5 Bxc5 12. Rd1 Qc8 13. b4 Be7 14. Qb2 f6 15.
Bd3 Rd8 16. O-O Rxd3 17. Rxd3 Bxe4 18. Re3 Bd5 19. Rd1 Bf8 20. Nh4 Nd7 21. Rg3
Qc7 22. Nf5 Kf7 23. Ne3 Bb7 24. Qe2 Kg8 25. Ng4 Kf7 26. Bb2 Rd8 27. Rc3 Qf4 28.
Bc1 Qb8 29. Ne3 Be7 30. Rcd3 Nf8 31. Rxd8 Bxd8 32. Qh5+ g6 33. Qe2 Be7 34. Bb2
h5 35. Qc4 a6 36. Rc1 Bd6 37. h3 b5 38. Qd4 Be5 39. Qd2 Bd6 40. Bd4 Qd8 41. Rd1
Qc7 42. Bb6 Qxb6 43. Qxd6 Qxd6 44. Rxd6 Ke7 45. Rd2 Nd7 46. h4 Ne5 47. Kf1 Nf7
48. f3 Ne5 49. Ke2 Nd7 50. Nd1 Nb6 51. Nb2 Bd5 52. Kf2 Kd6 53. Nd3 Nc4 54. Rd1
e5 55. Nc5 f5 56. Nxa6 Nb2 57. Rb1 Nc4 58. Ra1 e4 59. Nc5 Ke5 60. fxe4 fxe4 61.
g3 Bc6 62. a4 bxa4 63. Nxa4 e3+ 64. Ke2 Kd4 65. Nc5 Bb5 66. Ne6+ Ke4 67. Nc5+
Kd4 68. Ne6+ Ke4 69. Nc5+ Ke5 1/2-1/2

[Event "Al Ain Classic 2012"]
[Site "Al-Ain UAE"]
[Date "2012.12.28"]
[Round "9.14"]
[White "El Gindy, Essam"]
[Black "Lodhi, Mahmood"]
[Result "1/2-1/2"]
[WhiteTitle "GM"]
[BlackTitle "IM"]
[WhiteElo "2486"]
[BlackElo "2353"]
[WhiteFideId "10600140"]
[BlackFideId "7800010"]
[EventDate "2012.12.22"]

1. d4 Nf6 2. c4 g6 3. Nc3 Bg7 4. e4 d6 5. f4 O-O 6. Nf3 c5 7. d5 e6 8. Be2 exd5
9. cxd5 Re8 10. e5 dxe5 11. fxe5 Ng4 12. e6 fxe6 13. d6 Nc6 14. O-O Nd4 15. Ne4
Nf6 16. Bg5 Nxe4 17. Bxd8 Rxd8 18. Bd3 Nxd6 19. Qe1 Bd7 20. Ng5 N4f5 21. Rd1
Bd4+ 22. Kh1 Rf8 23. Rf3 Rae8 24. Ne4 Bc6 25. b3 Nf7 26. Rf1 Ne5 27. Ng5 Nxd3
28. Rxd3 Ne3 29. Rf3 Bxf3 30. Nxf3 Ng4 31. Rd2 e5 32. h3 Nf6 33. Qe2 Nh5 34.
Qc4+ Kg7 35. Kh2 Re7 36. Ng5 Be3 37. Ne6+ Rxe6 38. Qxe6 Bxd2 39. Qd7+ Rf7 40.
Qxd2 b6 41. Qg5 e4 42. Qe5+ Nf6 43. g4 h6 44. h4 Kg8 45. Kg3 Kf8 46. a4 Kg8 47.
Qe6 Kg7 48. Kg2 Rf8 49. g5 hxg5 50. hxg5 Nh7 51. Qe5+ Kg8 52. Qxe4 Nxg5 53.
Qxg6+ Kh8 54. a5 bxa5 55. Qh5+ Nh7 56. Qxc5 a6 57. Qxa5 Rf6 58. Qc7 Kg8 59. Qe7
Kh8 60. Kg3 Kg8 61. Kg4 Kh8 62. Qe8+ Kg7 63. Kh4 Rh6+ 64. Kg3 Rf6 65. Kg4 Nf8
66. Qe7+ Kg6 67. Qe4+ Kg7 68. Qd4 Nh7 69. Kh5 Kg8 70. Qd7 Kh8 71. Qg4 Rf8 72.
Qd4+ Rf6 73. b4 Kg7 74. Qe5 Kg8 75. Qe8+ Kg7 76. Kg4 Rf7 77. Qd8 Rf6 78. Qc8 Kf7
79. Qh8 Kg6 80. Qg8+ Kh6 81. Qd5 Kg7 82. Qh5 Kg8 83. Qe8+ Kg7 84. Qe7+ Kg8 85.
Kh5 Kh8 86. Qe5 Kg8 87. Kh4 Kg7 88. Kg4 Kg8 89. Qe8+ Kg7 90. Kh4 Rh6+ 91. Kg3
Rf6 92. Kg4 Rf7 93. Qe5+ Rf6 94. Qe7+ Rf7 95. Qe5+ Rf6 1/2-1/2

[Event "Al Ain Classic 2012"]
[Site "Al-Ain UAE"]
[Date "2012.12.28"]
[Round "9.15"]
[White "Senador, Emmanuel"]
[Black "Ismagambetov, Anuar"]
[Result "1-0"]
[WhiteTitle "IM"]
[BlackTitle "GM"]
[WhiteElo "2352"]
[BlackElo "2463"]
[WhiteFideId "5200601"]
[BlackFideId "13701525"]
[EventDate "2012.12.22"]

1. e4 e5 2. Nf3 Nc6 3. Bc4 Bc5 4. b4 Bb6 5. b5 Na5 6. Be2 d6 7. O-O Ne7 8. Nc3
Bg4 9. Na4 O-O 10. Nxb6 axb6 11. d4 Ng6 12. Qd3 Qf6 13. Bg5 Qe6 14. d5 Qd7 15.
Nd2 Bxe2 16. Qxe2 h6 17. Be3 f5 18. exf5 Qxf5 19. f3 Ne7 20. c4 Kh7 21. Ne4 Ng8
22. g4 Qd7 23. Rf2 Nf6 24. Ng3 Kg8 25. Raf1 Rae8 26. h3 Nh7 27. Qd3 Rf6 28. Kg2
Nf8 29. Nh5 Rf7 30. f4 exf4 31. Bxf4 Qe7 32. Ng3 Nd7 33. Re2 Qf8 34. Nf5 Rxe2+
35. Qxe2 Kh7 36. Kg3 Nc5 37. Rf3 Rxf5 38. gxf5 Qxf5 39. Re3 Qg6+ 40. Kh2 h5 41.
Bg3 Qg5 42. h4 Qf5 43. Re7 Qg6 44. Rxc7 Ne4 45. Qd3 Qe8 46. Bxd6 1-0

[Event "Al Ain Classic 2012"]
[Site "Al-Ain UAE"]
[Date "2012.12.28"]
[Round "9.16"]
[White "Soloviova, Liza"]
[Black "Mammadov, Zaur"]
[Result "1/2-1/2"]
[WhiteTitle "WGM"]
[BlackTitle "IM"]
[WhiteElo "2287"]
[BlackElo "2459"]
[WhiteFideId "14117665"]
[BlackFideId "13401033"]
[EventDate "2012.12.22"]

1. Nf3 Nf6 2. d3 d5 3. Nbd2 c5 4. c3 Nc6 5. e4 e6 6. g3 g6 7. Bg2 Bg7 8. O-O O-O
9. a3 a5 10. a4 b6 11. Ne1 Ba6 12. exd5 exd5 13. Ndf3 Re8 14. Nc2 Ra7 15. Bg5
Rae7 16. Re1 h6 17. Bxf6 Bxf6 18. Qd2 Bg7 19. Rxe7 Rxe7 20. Re1 Qe8 21. h3 Kf8
22. Kh2 Rxe1 23. Nfxe1 Ne7 24. Qf4 Qd8 25. h4 h5 26. d4 Bc4 27. Nf3 Nf5 28. Ne3
Nxe3 29. Qxe3 Qd6 30. Ng5 Bb3 31. Qf3 Bf6 32. Nh7+ Kg7 33. Nxf6 Qxf6 34. Qe3 Qd6
35. Qe8 Qe6 36. Qd8 cxd4 37. cxd4 Qf6 38. Qxf6+ Kxf6 39. Kg1 Ke6 40. Kf1 Bxa4
41. Ke2 b5 42. Bh3+ Kd6 43. g4 b4 44. gxh5 gxh5 45. Bg2 f6 46. Bf3 Be8 47. b3
Bg6 48. Kd2 Ke6 49. Bd1 Kd6 50. Ke3 Kc6 51. Kd2 Kb6 52. Ke3 Kb5 53. Be2+ Kc6 54.
Bd1 Kb6 55. Kd2 Kc7 56. Ke3 Kd6 57. Kd2 Ke6 58. Ke3 Bf5 59. Kd2 Bg4 60. Bc2 Bf3
61. Ke3 Bg4 62. Kd2 Kd6 63. Ke3 Kc6 64. Kd2 Kb5 65. Bd3+ Kb6 66. Bc2 Bf3 67. Ke3
Bg2 68. Kd2 Be4 69. Bd1 Bg6 70. Ke3 Kc7 71. Kd2 Be8 72. Ke3 Kd6 73. Kd2 Ke7 74.
Ke3 Ke6 75. Kd2 Bg6 76. Ke3 Bf7 77. Kd2 Kf5 78. Ke3 Be8 79. Kf3 Ke6 80. Ke3 Bg6
81. Kd2 Kd6 82. Ke3 Kc6 83. Kd2 Kb6 84. Ke3 Kb5 85. Be2+ Kb6 86. Bd1 Be8 87. Kd2
Bg6 88. Ke3 Bh7 89. Kd2 Bg6 90. Ke3 1/2-1/2

[Event "Al Ain Classic 2012"]
[Site "Al-Ain UAE"]
[Date "2012.12.28"]
[Round "9.17"]
[White "Shyam, Nikil P."]
[Black "Rajesh, V A V"]
[Result "1/2-1/2"]
[WhiteTitle "IM"]
[BlackTitle "FM"]
[WhiteElo "2431"]
[BlackElo "2370"]
[WhiteFideId "5024218"]
[BlackFideId "5029317"]
[EventDate "2012.12.22"]

1. e4 c5 2. Nf3 Nc6 3. d4 cxd4 4. Nxd4 Nf6 5. Nc3 e5 6. Ndb5 d6 7. Nd5 Nxd5 8.
exd5 Nb8 9. c4 Be7 10. Be2 O-O 11. O-O a6 12. Nc3 f5 13. Rb1 Nd7 14. b4 b6 15.
Na4 Kh8 16. f4 Rb8 17. Rb3 exf4 18. Bxf4 b5 19. Nb2 Bb7 20. a4 Nb6 21. a5 bxc4
22. Bxc4 Nd7 23. Qd3 Qc7 24. Rc1 Ne5 25. Qd1 Qd7 26. Rh3 Bf6 27. Bxe5 dxe5 28.
Na4 Qd6 29. Nc5 Bc8 30. Qh5 h6 31. Qg6 Be7 1/2-1/2

[Event "Al Ain Classic 2012"]
[Site "Al-Ain UAE"]
[Date "2012.12.28"]
[Round "9.18"]
[White "Manakova, Maria"]
[Black "Raetsky, Alexander"]
[Result "1-0"]
[WhiteTitle "WGM"]
[BlackTitle "GM"]
[WhiteElo "2338"]
[BlackElo "2427"]
[WhiteFideId "927007"]
[BlackFideId "4103203"]
[EventDate "2012.12.22"]

1. e4 c5 2. Nf3 Nc6 3. d4 cxd4 4. Nxd4 Nf6 5. Nc3 e6 6. Ndb5 Bc5 7. Be3 Bxe3 8.
Nd6+ Ke7 9. fxe3 Qc7 10. Nc4 a6 11. a4 b6 12. Nd5+ exd5 13. exd5 Qb8 14. dxc6
dxc6 15. Qf3 Be6 16. Bd3 Bd5 17. e4 Bxc4 18. Bxc4 Qe5 19. O-O-O b5 20. Qa3+ c5
21. Bd5 Rac8 22. Rhf1 Rhd8 23. Qh3 bxa4 24. Rf5 Qc7 25. Rdf1 Ke8 26. Rxf6 gxf6
27. Rxf6 Rxd5 28. exd5 Rd8 29. Qxh7 Qe7 30. Qh8+ Kd7 31. Qh3+ Kc7 32. Qg3+ Kb7
33. Qf2 Rd7 34. Qf1 c4 35. Qf2 Qb4 36. Rxf7 Re7 37. c3 Qd6 38. Qf3 Rxf7 39.
Qxf7+ Kb8 40. Qg8+ Kb7 41. Qg7+ Kb6 42. Qd4+ Kb5 43. h3 a3 44. bxa3 Qxa3+ 45.
Kd1 Qb2 46. d6 Qb1+ 47. Ke2 Qc2+ 48. Kf3 Qf5+ 49. Kg3 Qd7 50. Qd5+ Kb6 51. Qd4+
Kb5 52. Qe5+ Kc6 53. Qe4+ Kxd6 54. Qxc4 Qg7+ 55. Kf2 Qf6+ 56. Kg1 Kd7 57. h4 a5
58. Qb5+ Ke6 59. Qxa5 Qxh4 60. Qb6+ Kd5 61. Qd4+ Qxd4+ 62. cxd4 Kxd4 63. Kf2 Ke4
64. Kg3 Kf5 65. Kh4 Kg6 66. Kg4 1-0

[Event "Al Ain Classic 2012"]
[Site "Al-Ain UAE"]
[Date "2012.12.28"]
[Round "9.19"]
[White "Tarasova, Viktoriya"]
[Black "Abdulov, Orkhan"]
[Result "1-0"]
[WhiteTitle "WIM"]
[BlackTitle "IM"]
[WhiteElo "2254"]
[BlackElo "2387"]
[WhiteFideId "4175840"]
[BlackFideId "13402714"]
[EventDate "2012.12.22"]

1. d4 Nf6 2. c4 c5 3. d5 e6 4. Nc3 exd5 5. cxd5 d6 6. Nf3 g6 7. Bf4 a6 8. a4 Bg7
9. h3 O-O 10. e3 Re8 11. Nd2 Nbd7 12. Be2 Ne5 13. O-O Rb8 14. Bh2 Qe7 15. Re1
Qc7 16. Bf1 c4 17. a5 Nfd7 18. Qa4 Nd3 19. Nxc4 Nxb2 20. Nxb2 Qxc3 21. Bxd6 b5
22. axb6 Rxb6 23. Nc4 Rb5 24. Rac1 Qf6 25. e4 Qd4 26. Rcd1 Qa7 27. Bg3 Nc5 28.
Qc2 Bd7 29. e5 Rb3 30. Bh2 Bf5 31. Qa2 Bd3 32. Bxd3 Nxd3 33. Re3 Reb8 34. Rexd3
Rxd3 35. Rxd3 Qc5 36. Rd1 1-0

[Event "Al Ain Classic 2012"]
[Site "Al-Ain UAE"]
[Date "2012.12.28"]
[Round "9.20"]
[White "Hungaski, Robert Andrew"]
[Black "Hassan, Sayed Barakat"]
[Result "1-0"]
[WhiteTitle "IM"]
[BlackTitle "IM"]
[WhiteElo "2469"]
[BlackElo "2347"]
[WhiteFideId "2021030"]
[BlackFideId "10600299"]
[EventDate "2012.12.22"]

1. Nf3 Nf6 2. c4 d6 3. d4 Bg4 4. Nc3 g6 5. e4 Bg7 6. Be2 O-O 7. Be3 Nfd7 8. Rc1
e5 9. d5 Bxf3 10. Bxf3 f5 11. h4 h6 12. b4 a5 13. a3 axb4 14. axb4 Na6 15. Rb1
Nf6 16. h5 f4 17. Bd2 g5 18. Bg4 c5 19. dxc6 bxc6 20. Bf5 Qe7 21. g4 Nc7 22. b5
cxb5 23. Nxb5 Na6 24. Bc3 Rfd8 25. O-O Nc5 26. f3 Bf8 27. Bb4 Qf7 28. Qc2 Ra6
29. Bg6 Qe7 30. Ra1 Qb7 31. Rxa6 Nxa6 32. Be1 Rc8 33. Bf2 Qxb5 34. cxb5 Rxc2 35.
bxa6 Ra2 36. a7 Nd7 37. Bf5 1-0

[Event "Al Ain Classic 2012"]
[Site "Al-Ain UAE"]
[Date "2012.12.28"]
[Round "9.21"]
[White "Wallis, Christopher"]
[Black "Abdel Razik, Khaled"]
[Result "0-1"]
[WhiteTitle "FM"]
[BlackTitle "IM"]
[WhiteElo "2283"]
[BlackElo "2448"]
[WhiteFideId "3204839"]
[BlackFideId "10601104"]
[EventDate "2012.12.22"]

1. d4 Nf6 2. c4 c5 3. d5 b5 4. Qc2 g6 5. e4 Bg7 6. cxb5 O-O 7. Nc3 e6 8. Bc4
exd5 9. exd5 d6 10. Nge2 Ng4 11. Bf4 Re8 12. O-O Nd7 13. a3 Nde5 14. Ba2 Bf5 15.
Qd2 Nd3 16. Bg5 f6 17. Ng3 fxg5 18. Nxf5 gxf5 19. Qxd3 Qf6 20. Rae1 Ne5 21. Qc2
g4 22. Bb1 Rf8 23. Nd1 Rf7 24. Ne3 Raf8 25. Nxf5 Qxf5 26. Qxf5 Rxf5 27. Bxf5
Rxf5 28. a4 Rf4 29. a5 Rb4 30. b6 a6 31. h3 gxh3 32. f4 hxg2 33. Kxg2 Nc4 34.
Re8+ Kf7 35. Rfe1 Bf6 36. Ra8 Nxa5 37. Ra7+ Kg6 38. Rxa6 Nc4 39. b7 Rxb7 40. Re4
Rxb2+ 41. Kg3 Rb3+ 42. Kh2 Rb4 43. Re2 Kf5 44. Ra7 h5 45. Re6 Rb2+ 46. Kh3 Rb3+
47. Kh2 Re3 48. Rh7 Rxe6 49. dxe6 Kxe6 50. Rxh5 Na3 51. Rh3 Nc2 52. Kg2 c4 53.
Kf3 d5 54. Rh7 Nd4+ 55. Ke3 Nf5+ 56. Kf3 c3 57. Rc7 Kd6 58. Rf7 c2 59. Rxf6+ Kc5
60. Rf7 Nd4+ 0-1

[Event "Al Ain Classic 2012"]
[Site "Al-Ain UAE"]
[Date "2012.12.28"]
[Round "9.22"]
[White "Labib, Ibrahim Hasan"]
[Black "Yasseen, Aly"]
[Result "0-1"]
[WhiteTitle "IM"]
[BlackTitle "IM"]
[WhiteElo "2432"]
[BlackElo "2280"]
[WhiteFideId "10600426"]
[BlackFideId "10600116"]
[EventDate "2012.12.22"]

1. Nf3 Nf6 2. d4 c5 3. c4 e6 4. g3 d5 5. cxd5 Nxd5 6. Bg2 Nc6 7. O-O Nf6 8. Qa4
Bd7 9. dxc5 Bxc5 10. Nc3 O-O 11. Bg5 h6 12. Ne4 Be7 13. Bxf6 Bxf6 14. Rfd1 Be7
15. Rac1 Qc7 16. Nc5 Rfd8 17. Qb3 Rab8 18. h4 Be8 19. Rxd8 Rxd8 20. Nd3 Qb8 21.
Nf4 Bf8 22. e3 e5 23. Ng6 Bd6 24. h5 Na5 25. Qd5 Bb4 26. Qe4 fxg6 27. Qxb4 Nc6
28. Qe4 gxh5 29. Nh4 Qd6 30. Nf5 Qf6 31. Qc2 Bg6 32. Bxc6 bxc6 33. Ne7+ Qxe7 34.
Qxg6 Qf7 35. Qxf7+ Kxf7 36. Rxc6 Rd2 37. Ra6 Rxb2 38. Rxa7+ Kf6 39. Kg2 e4 40.
Ra5 g6 41. a3 Ra2 42. a4 Ke6 43. Ra6+ Kf5 44. a5 Ra1 45. Ra8 Kg4 46. Re8 Rxa5
47. Rxe4+ Kf5 48. Rf4+ Ke6 49. Kf3 Ra2 50. Rf8 Ke7 51. Rb8 Kf6 52. Rb6+ Kg5 53.
Rd6 Rb2 54. e4 Rb3+ 55. Kg2 Rb2 56. Kf3 Rb3+ 57. Ke2 Rb2+ 58. Ke3 Rb3+ 59. Rd3
Rxd3+ 60. Kxd3 Kf6 61. f4 g5 62. f5 Ke5 63. Ke2 g4 64. Ke3 h4 65. gxh4 h5 66.
Kf2 Kf6 67. Kg2 Kf7 68. e5 Ke7 69. Kg3 Kf7 70. Kf4 Kg7 71. Ke4 Kf7 72. Kd4 Ke7
73. Kd3 Kf7 74. Ke3 Ke7 75. Kf4 Kf7 76. Ke4 Ke7 77. e6 Kf6 78. Kf4 Ke7 79. Ke4
Kf6 80. Kf4 Ke7 81. Ke5 g3 82. f6+ Ke8 83. e7 Kd7 84. Kf5 g2 85. Kg6 Ke8 86.
Kxh5 g1=Q 87. Kh6 Kf7 88. h5 Qg4 89. e8=Q+ Kxe8 90. Kh7 Kf7 91. Kh6 Kxf6 92. Kh7
Qg7# 0-1

[Event "Al Ain Classic 2012"]
[Site "Al-Ain UAE"]
[Date "2012.12.28"]
[Round "9.23"]
[White "Tissir, Mohamed"]
[Black "Ibrayev, Nurlan"]
[Result "0-1"]
[WhiteTitle "IM"]
[BlackTitle "GM"]
[WhiteElo "2411"]
[BlackElo "2406"]
[WhiteFideId "9000240"]
[BlackFideId "13700650"]
[EventDate "2012.12.22"]

1. e4 c5 2. Nc3 Nc6 3. Bb5 Nd4 4. Bc4 e6 5. Nge2 Nf6 6. O-O a6 7. d3 b5 8. Bb3
Nxb3 9. axb3 Bb7 10. Bg5 h6 11. Bxf6 Qxf6 12. f4 Be7 13. Qd2 O-O 14. Rf3 Qg6 15.
Rg3 Qh7 16. Rh3 f5 17. e5 Rfd8 18. Qe3 Qg6 19. Rg3 Qf7 20. Kh1 Kh7 21. Nb1 Rg8
22. Nd2 g5 23. fxg5 hxg5 24. Rf1 Qg6 25. Rh3+ Kg7 26. Rg3 Raf8 27. Nf4 Qh6 28.
Nf3 Kf7 29. Nh3 Ke8 30. Nfxg5 Rg6 31. Qf4 Rh8 32. Kg1 Qh5 33. Nf3 Rhg8 34. Rxg6
Rxg6 35. Kh1 Qg4 36. Qd2 Bf8 37. Qf2 Rh6 38. Nhg1 d6 39. h3 Qh5 40. Qe3 Rg6 41.
b4 cxb4 42. Qb6 Qh7 43. exd6 Qd7 44. Re1 Bxd6 45. Qd4 Kd8 46. Re2 Kc7 47. c4
bxc3 48. Qxc3+ Qc6 49. Qb3 Qd5 50. Qc3+ Kb8 51. Qh8+ Ka7 52. Qe8 Rh6 53. d4 Bc7
54. Qf8 Bf4 55. Rc2 Rh7 56. Re2 Rc7 57. Qf6 Rc6 58. Qh4 Bc7 59. Qe1 Bf4 60. Qh4
Bc7 61. Qe1 Bb8 62. Qf2 Rc1 63. Qe3 Rc6 64. Qf2 Ka8 65. Qe1 Qd6 66. Ne5 Rc8 67.
Ngf3 Bd5 68. Qd2 Kb7 69. Re1 Ba7 70. Ra1 Bb6 71. Re1 Be4 72. Nf7 Qg3 73. Qe3
Bxf3 74. Qxf3+ Qxf3 75. gxf3 Rf8 76. Ng5 Rh8 77. Nxe6 Rxh3+ 78. Kg2 Rh7 79. d5
Rd7 80. Re5 a5 81. Rxf5 a4 82. Re5 Ka6 83. f4 b4 84. Kf3 Kb5 85. f5 Kc4 86. f6
Rf7 87. Rf5 a3 88. bxa3 bxa3 89. Ke4 a2 90. Rf1 Rxf6 91. Ra1 Kb3 92. Ke5 Rf2 93.
d6 Rd2 94. Rf1 Kb2 95. Nf4 a1=Q 96. Rxa1 Kxa1 97. Nd5 Bd8 98. Ke6 Kb2 99. Ne7
Kc3 100. Kd7 Ba5 101. Nc6 Bb6 102. Ke6 Bc5 103. d7 Rd6+ 104. Ke7 Rxc6+ 105. Ke8
Bb6 0-1

[Event "Al Ain Classic 2012"]
[Site "Al-Ain UAE"]
[Date "2012.12.28"]
[Round "9.24"]
[White "El Ghazali, Youssef M."]
[Black "Moosavian, S.Hamed"]
[Result "1-0"]
[WhiteTitle "IM"]
[BlackTitle "IM"]
[WhiteElo "2244"]
[BlackElo "2377"]
[WhiteFideId "10600167"]
[BlackFideId "12501930"]
[EventDate "2012.12.22"]

1. Nf3 c5 2. c4 Nc6 3. g3 g6 4. Nc3 Bg7 5. Bg2 e5 6. d3 Nge7 7. O-O O-O 8. Rb1
d6 9. a3 a5 10. Ne1 Be6 11. Bg5 h6 12. Bxe7 Qxe7 13. Nc2 f5 14. Ne3 g5 15. Ned5
Qf7 16. Nb5 Rad8 17. Nbc7 Bc8 18. Na8 Kh8 19. Nab6 Be6 20. b4 axb4 21. axb4 f4
22. bxc5 dxc5 23. Na4 g4 24. Nxc5 Bc8 25. f3 Qh5 26. Ne4 Nd4 27. Ne7 Be6 28. Rb6
Rf7 29. Rxe6 Nxe6 30. fxg4 Qxg4 31. h3 Qh5 32. g4 1-0

[Event "Al Ain Classic 2012"]
[Site "Al-Ain UAE"]
[Date "2012.12.28"]
[Round "9.26"]
[White "Mokhtar, Ahmed"]
[Black "Zabeib, Mohamed"]
[Result "1-0"]
[WhiteElo "2282"]
[BlackElo "2158"]
[WhiteFideId "10600698"]
[BlackFideId "10607617"]
[EventDate "2012.12.22"]

1. e4 c6 2. d4 d5 3. e5 Bf5 4. Nf3 e6 5. Be2 c5 6. Be3 Qb6 7. Nc3 Qxb2 8. Nb5
Na6 9. dxc5 Nb4 10. O-O Nxc2 11. Qd2 Qb4 12. Qxb4 Nxb4 13. Nc7+ Kd7 14. Nxa8 Ne7
15. Nd4 Bg6 16. Rab1 Bxb1 17. Rxb1 Nbc6 18. Rxb7+ Kc8 19. Ba6 1-0

[Event "Al Ain Classic 2012"]
[Site "Al-Ain UAE"]
[Date "2012.12.28"]
[Round "9.28"]
[White "Visweswaran, K."]
[Black "Kawuma, Patrick"]
[Result "0-1"]
[WhiteTitle "FM"]
[BlackTitle "CM"]
[WhiteElo "2158"]
[BlackElo "2245"]
[WhiteFideId "5005353"]
[BlackFideId "10000127"]
[EventDate "2012.12.22"]

1. e4 e6 2. d4 d5 3. Nc3 Nf6 4. e5 Nfd7 5. f4 c5 6. Nf3 Nc6 7. Be3 Be7 8. Qd2 a6
9. Qf2 f6 10. exf6 Nxf6 11. Qg3 O-O 12. dxc5 Nh5 13. Qf2 Nxf4 14. O-O-O Bd7 15.
Qd2 Qc7 16. Kb1 Be8 17. g3 Ng6 18. Bg2 Rd8 19. Qe2 Bf6 20. Ng5 Qe7 21. Nf3 d4
22. Ne4 dxe3 23. Qxe3 Rxd1+ 24. Rxd1 Nge5 25. Nxe5 Nxe5 26. Nd6 Bc6 27. Bh3 Rd8
28. a3 b6 29. c4 bxc5 30. Qxc5 Be4+ 31. Ka1 Nd3 32. Nxe4 Nxc5 0-1